| 000 | 00852nam a2200229Ia 4500 | ||
|---|---|---|---|
| 003 | PILC | ||
| 005 | 20160222145032.0 | ||
| 008 | 140429s9999 xx 000 0 und d | ||
| 020 | _a9789711012168 | ||
| 050 |
_aDS 688.B4 _b.At17 2011 v.2 |
||
| 100 | _aAtaviado, Elias M. | ||
| 245 | 4 |
_aThe Philippine Revolution in the Bicol region : _b(narrative of the Philippine revolution in the province of Albay) / _cElias Ataviado ; translated into English by Hilario A. Lim. |
|
| 260 |
_aQuezon City : _bNew Day Publishers, _c2011. |
||
| 300 |
_a196 pages ; _c23 cm. |
||
| 440 | _vv. 2 | ||
| 500 | _aIncludes bibliographical references and index. | ||
| 650 |
_aAlbay (Bicol, Philippines) _xHistory. |
||
| 650 |
_aBicol (Philippines) _xHistory. |
||
| 650 |
_aPhilippines _xPolitics and government --1899-1900. |
||
| 942 |
_kLOC _cBK _2lcc |
||
| 999 |
_c115721 _d115721 |
||